• 首页
  • 本馆介绍
  • 公告通知
  • 最新文献
  • 馆藏检索
  • 电子资源
  • 读者导购
  • 参考咨询
  • 我的图书馆
  • 登录
  • 详细信息显示
  • 放入我的书架
  • 预约/预借图书
  • 作者相关作品
  • 分类相关作品
  • 丛书相关作品
  • 出版社相关作品

书目信息

  • 表格格式
  • 工作单格式
  • 卡片格式
题名:
教育符号学指南
    
 
作者: 赛默斯基 编 ;崔岐恩 译
分册:  
出版信息: 成都   四川大学出版社  2021.04
页数: 317页
开本: 24cm
丛书名: 符号学译丛
单 册:
中图分类: G40-059.9
科图分类:
主题词: 教育学--符号学--研究
电子资源:
ISBN: 978-7-5690-3821-7
000 01197nam0 2200289 450
001 012001000948
005 20140201095224.0
010    @a978-7-5690-3821-7@dCNY78.00
100    @a20220905d2021 em y0chiy50 ea
101 1  @achi@ceng
102    @aCN@b510000
105    @aa z 000yy
106    @ar
200 1  @a教育符号学指南@Ajiao yu fu hao xue zhi nan@d= Edusemiotics - a handbook@f(澳)茵娜·赛默斯基(Inna Semetsky)编@g崔岐恩[等]译@zeng
210    @a成都@c四川大学出版社@d2021.04
215    @a317页@c图@d24cm
225 1  @a符号学译丛@f彭佳,方小莉主编
300    @a温州大学哲学社会科学出版基金 四川大学哲学社会科学出版基金
304    @a译者还有:李仲辉、邓美娴、张茜曼
330    @a本书对当前教育领域的符号学概念提出挑战,作者以理论符号学和教育哲学为基础,并基于世界范围内的理论和实证研究,提出了一种新的统一的概念框架。指出了教育学对于在不同背景下进行有意义的教学和经验学习的重要意义。
510 1  @aEdusemiotics - a handbook@zeng
606 0  @a教育学@x符号学@x研究
690    @aG40-059.9@v5
701  0 @c(澳)@a赛默斯基@Asai mo si ji@c(Semetsky, Inna)@4编
702  0 @a崔岐恩@Acui qi en@f(1975-)@4译
801  0 @aCN@bAHXH@c20221111
905    @b1365391-5@dG40-059.9@e1279@f5
    
    教育符号学指南= Edusemiotics - a handbook/(澳)茵娜·赛默斯基(Inna Semetsky)编/崔岐恩[等]译.-成都:四川大学出版社,2021.04
    317页:图;24cm.-(符号学译丛/彭佳,方小莉主编)
    温州大学哲学社会科学出版基金 四川大学哲学社会科学出版基金
    
    ISBN 978-7-5690-3821-7:CNY78.00
    本书对当前教育领域的符号学概念提出挑战,作者以理论符号学和教育哲学为基础,并基于世界范围内的理论和实证研究,提出了一种新的统一的概念框架。指出了教育学对于在不同背景下进行有意义的教学和经验学习的重要意义。
●
相关链接 在E读中查询图书 在五车中查询图书 在当当中查询图书 在豆瓣中查询图书


正题名:教育符号学指南     索取号:G40-059.9/1279         预约/预借

序号 登录号 条形码 馆藏地/架位号 状态 备注
1 1365391   213653919   第一样本阅览室/ [索取号:G40-059.9/1279] 在馆    
2 1365392   213653928   教育系资料室/ [索取号:G40-059.9/1279] 在馆    
3 1365393   213653937   教育系资料室/ [索取号:G40-059.9/1279] 在馆    
4 1365394   213653946   第四借阅区/ [索取号:G40-059.9/1279] 在馆    
5 1365395   213653955   第四借阅区/ [索取号:G40-059.9/1279] 在馆    
唐山师范学院图书馆 欢迎您!
大连网信软件有限公司© 版权所有